| 000 | 01026nam a2200253 a 4500 | ||
|---|---|---|---|
| 001 | 001202940 | ||
| 003 | AM-YeHGA | ||
| 005 | 20250617162823.0 | ||
| 008 | 170224s1927 ru |||||r|||||000|0|rus|d | ||
| 040 | _aAM-YeHGA | ||
| 041 | 1 | _arus | |
| 100 | 1 | _aМарфан, Антуан Бернар | |
| 245 | 1 | 0 |
_aРахит = _bQuatre lecons sur le rachitisme / _cПроф. А.-Б. Марфан (A.-B. Martan); Пер. ассистента Детской клиники 2 М.Г.У. Ф.О. Маневич; Под ред. проф. А.А. Киселя. |
| 246 | 1 | 1 | _aQuatre lecons sur le rachitisme |
| 260 |
_aМосква : _bИзд. М. и С. Сабашниковых, _c1927. |
||
| 300 |
_a61 с., [2] с. объявл. ; _c23 см. |
||
| 650 | 1 | 4 | _aМедицина |
| 650 | 1 | 4 | _aБолезни костей |
| 650 | 1 | 4 | _aРахит |
| 653 | 0 | _aРахит - Профилактика и борьба | |
| 700 | 1 |
_aМаневич, Ф.О. _eпер. _4trl |
|
| 700 | 1 |
_aКисель, А.А. _eред. _4edt |
|
| 090 | _c499505 | ||
| 999 |
_c496115 _d496115 |
||